00329nam a22001097a 4500008004100000020001500041082002100056245006400077260006000141300001200201440000600213230627b xxu||||| |||| 00| 0 eng d a0813305810 a338.46bLEE 1988 aTrade and Investment in Services in the Asia-Pacific Region bCenter for International Studies, Inha Universityc1988 aXI,216p n1